[Event "WchT Blitz Final"]
[Site "London"]
[Date "2025.06.15"]
[Round "3.1"]
[White "Nakamura, Hikaru"]
[Black "Giri, Anish"]
[Result "1-0"]
[WhiteElo "2804"]
[BlackElo "2748"]
[PlyCount "125"]
[EventDate "2025.06.15"]
[EventType "team-k.o. (blitz)"]
[EventRounds "4"]
[EventCountry "ENG"]
[SourceTitle "CB25_2025"]
[SourceDate "2025.06.18"]
[SourceVersion "1"]
[SourceVersionDate "2025.06.18"]
[SourceQuality "1"]
[WhiteTeam "WR Chess"]
[BlackTeam "Hexamind Team"]
[WhiteTeamCountry "GER"]
[BlackTeamCountry "USA"]

1. Nf3 Nf6 2. g3 d5 3. Bg2 e6 4. 0-0 Be7 5. d3 0-0 6. Nbd2 Nc6 7. d4 a5 8. c3 b6 9. Qc2 Bb7 10. e4 dxe4 11. Nxe4 Nxe4 12. Qxe4 a4 13. Qc2 Na5 14. Re1 Bd5 15. h4 h6 16. Ne5 Bxg2 17. Kxg2 Qd5+ 18. Kg1 Nc4 19. Bf4 Bd6 20. Rad1 b5 21. b3 axb3 22. axb3 Nb6 23. c4 bxc4 24. bxc4 Qb7 25. Qe2 Bxe5 26. Bxe5 Nd7 27. Bf4 Nf6 28. Rb1 Qc6 29. Rb5 Ra7 30. Be5 Nd7 31. d5 exd5 32. cxd5 Qa6 33. Bxg7 Kxg7 34. Qg4+ Qg6 35. Qxd7 Qf6 36. Rb4 Kh8 37. Rf4 Qg6 38. Qe7 Kg8 39. Ree4 Qd6 40. Qxd6 cxd6 41. Rf6 Kg7 42. Rxd6 Ra1+ 43. Kg2 Rd1 44. Rg4+ Kh7 45. Rf4 Kg7 46. h5 Rd2 47. Rf5 Rd4 48. Rf3 Rd2 49. Rf4 Rd3 50. Rd7 Rd2 51. Rg4+ Kh7 52. Kf3 Kh8 53. Ke3 Rd1 54. Kf4 Rd2 55. f3 Rd3 56. Ke4 Rd1 57. Kf5 Rd3 58. Rf4 Rg8 59. g4 Re8 60. Kf6 Kg8 61. Rxf7 Rxd5 62. Kg6 Re6+ 63. R7f6 1-0

[Event "WchT Blitz Pool A"]
[Site "London"]
[Date "2025.06.14"]
[Round "6.2"]
[White "Reimanis, Ritvars"]
[Black "Nakamura, Hikaru"]
[Result "0-1"]
[WhiteElo "2355"]
[BlackElo "2804"]
[PlyCount "82"]
[EventDate "2025.06.14"]
[EventType "team-tourn"]
[EventRounds "13"]
[EventCountry "ENG"]
[SourceTitle "CB25_2025"]
[SourceDate "2025.06.18"]
[SourceVersion "1"]
[SourceVersionDate "2025.06.18"]
[SourceQuality "1"]
[WhiteTeam "The MongolZ"]
[BlackTeam "WR Chess"]
[WhiteTeamCountry "MGL"]
[BlackTeamCountry "GER"]

1. d4 d5 2. Nf3 Nf6 3. c4 e6 4. Nc3 a6 5. cxd5 exd5 6. Bg5 c6 7. e3 Be7 8. Bd3 0-0 9. Qc2 Nbd7 10. 0-0 h6 11. Bf4 Nh5 12. Be5 Nxe5 13. dxe5 g6 14. Rad1 Ng7 15. e4 d4 16. Ne2 c5 17. Nd2 b5 18. b3 Bb7 19. f4 Rc8 20. f5 Bg5 21. Kh1 Qc7 22. Nf3 Be3 23. Qb1 c4 24. bxc4 bxc4 25. Bxc4 Qxc4 26. Qxb7 Qxe2 27. Rde1 Qb5 28. Qe7 gxf5 29. exf5 Nxf5 30. Qf6 Ng7 31. Nxd4 Bxd4 32. Qxh6 Bxe5 33. Rf3 Rc3 34. Rh3 Rxh3 35. Qxh3 Re8 36. Rd1 Qe2 37. Qb3 Bd4 38. h3 Nf5 39. Qa4 Re4 40. Rb1 Ng3+ 41. Kh2 Bg1+ 0-1

[Event "WchT Rapid"]
[Site "London"]
[Date "2025.06.13"]
[Round "10.3"]
[White "Nakamura, Hikaru"]
[Black "Erdos, Viktor"]
[Result "1-0"]
[WhiteElo "2734"]
[BlackElo "2525"]
[PlyCount "95"]
[EventDate "2025.06.11"]
[EventType "team-swiss"]
[EventRounds "12"]
[EventCountry "ENG"]
[SourceTitle "CB25_2025"]
[SourceDate "2025.06.18"]
[SourceVersion "1"]
[SourceVersionDate "2025.06.18"]
[SourceQuality "1"]
[WhiteTeam "WR Chess"]
[BlackTeam "Team Hungary"]
[WhiteTeamCountry "GER"]
[BlackTeamCountry "HUN"]

1. e4 c5 2. Nf3 d6 3. Bb5+ Nc6 4. 0-0 Bd7 5. Re1 Nf6 6. c3 a6 7. Bf1 Bg4 8. h3 Bxf3 9. Qxf3 g6 10. d3 Bg7 11. Be3 0-0 12. Nd2 e6 13. Qd1 Rc8 14. a4 Nd7 15. Nf3 Nce5 16. Nh2 Qc7 17. f4 Nc6 18. Nf3 Rfd8 19. Bf2 Ne7 20. g4 Nf6 21. a5 Nc6 22. Qa4 Nd7 23. h4 Rb8 24. Bh3 b6 25. axb6 Rxb6 26. Ra2 Rdb8 27. Re2 d5 28. e5 d4 29. Bg2 dxc3 30. bxc3 Rb1+ 31. Re1 Nb6 32. Qc2 Rxe1+ 33. Nxe1 a5 34. Rb2 Bf8 35. Qb1 Nd5 36. Rxb8 Qxb8 37. Qxb8 Nxb8 38. Bxd5 exd5 39. Nc2 Nd7 40. Kf1 Nb6 41. Ke2 Be7 42. f5 gxf5 43. gxf5 f6 44. e6 Bd6 45. Na3 Kf8 46. Nb5 Ke7 47. Nxd6 Kxd6 48. Bxc5+ 1-0

[Event "WchT Rapid"]
[Site "London"]
[Date "2025.06.12"]
[Round "5.3"]
[White "Nakamura, Hikaru"]
[Black "Adams, Michael"]
[Result "1-0"]
[WhiteElo "2734"]
[BlackElo "2628"]
[PlyCount "89"]
[EventDate "2025.06.11"]
[EventType "team-swiss"]
[EventRounds "12"]
[EventCountry "ENG"]
[SourceTitle "CB25_2025"]
[SourceDate "2025.06.18"]
[SourceVersion "1"]
[SourceVersionDate "2025.06.18"]
[SourceQuality "1"]
[WhiteTeam "WR Chess"]
[BlackTeam "Malcolm's Mates"]
[WhiteTeamCountry "GER"]
[BlackTeamCountry "ENG"]

1. c4 e5 2. a3 Nf6 3. d3 g6 4. Nf3 d6 5. b4 Bg7 6. Bb2 0-0 7. e3 a5 8. Nbd2 axb4 9. axb4 Rxa1 10. Qxa1 Na6 11. Bc3 Qe7 12. Be2 c5 13. b5 Nc7 14. 0-0 b6 15. Qb2 Bb7 16. Ra1 Ne6 17. Ne1 Ra8 18. Bf3 Bxf3 19. Nexf3 Qb7 20. Ne1 Nd7 21. Ne4 d5 22. Nd6 Qb8 23. Rxa8 Qxa8 24. cxd5 Qxd5 25. Nc4 e4 26. Bxg7 Nxg7 27. Qc2 exd3 28. Nxd3 Ne6 29. f3 h5 30. h4 Qa8 31. Nf2 Qa1+ 32. Kh2 Qf6 33. Qe4 Qc3 34. Qd5 Kg7 35. Ne4 Qe1 36. Ng3 Qc3 37. Nd6 Ne5 38. Nge4 Qb2 39. Ng5 Nxg5 40. hxg5 Kg8 41. Qa8+ Kh7 42. Ne4 Kg7 43. Nf6 Nxf3+ 44. Qxf3 Qxb5 45. Qa8 1-0

[Event "WchT Rapid"]
[Site "London"]
[Date "2025.06.11"]
[Round "1.3"]
[White "Nakamura, Hikaru"]
[Black "Dishman, Stephen"]
[Result "1-0"]
[WhiteElo "2734"]
[BlackElo "2266"]
[PlyCount "121"]
[EventDate "2025.06.11"]
[EventType "team-swiss"]
[EventRounds "12"]
[EventCountry "ENG"]
[SourceTitle "CB25_2025"]
[SourceDate "2025.06.18"]
[SourceVersion "1"]
[SourceVersionDate "2025.06.18"]
[SourceQuality "1"]
[WhiteTeam "WR Chess"]
[BlackTeam "Sassy Seniors"]
[WhiteTeamCountry "GER"]
[BlackTeamCountry "ENG"]

1. Nf3 d5 2. e3 Nf6 3. c4 dxc4 4. Bxc4 e6 5. b3 a6 6. Bb2 Be7 7. d4 b6 8. 0-0 Bb7 9. Qe2 0-0 10. Rd1 Nbd7 11. Nc3 b5 12. Bd3 c5 13. dxc5 Bxc5 14. a4 b4 15. Nb1 Qe7 16. Nbd2 e5 17. Ng5 h6 18. Nge4 Ba7 19. Rac1 Nc5 20. Nxc5 Bxc5 21. Nc4 e4 22. Bb1 a5 23. Bxf6 Qxf6 24. Nd2 Bd6 25. Qg4 Qe5 26. Qh3 Bc8 27. Qh4 Be6 28. Nxe4 Bb8 29. Nc5 Ba7 30. Nxe6 Qxe6 31. Qe4 Qxe4 32. Bxe4 Rac8 33. Rxc8 Rxc8 34. g4 f6 35. Rd7 Bc5 36. Bg6 Bf8 37. Ra7 Rc3 38. Kg2 Rc5 39. h4 Re5 40. Ra8 Rc5 41. Kf3 Rc3 42. Be4 Rc5 43. Bd3 Kf7 44. Bb5 Bd6 45. Rxa5 Ke7 46. Ra8 Rc7 47. h5 Bc5 48. Bc4 Kd6 49. Rb8 Ra7 50. Ke4 Re7+ 51. Kf5 Re5+ 52. Kf4 Re7 53. a5 Ra7 54. a6 Re7 55. Rc8 Bb6 56. Bb5 Bc5 57. Kf5 Re5+ 58. Kg6 Rg5+ 59. Kf7 Rxg4 60. Rc6+ Kd5 61. Rxc5+ 1-0

[Event "Norway Chess 13th"]
[Site "Stavanger"]
[Date "2025.06.05"]
[Round "9"]
[White "Nakamura, Hikaru"]
[Black "Erigaisi, Arjun Kumar"]
[Result "1/2-1/2"]
[WhiteElo "2804"]
[BlackElo "2782"]
[PlyCount "45"]
[EventDate "2025.05.26"]
[EventType "tourn"]
[EventRounds "10"]
[EventCountry "NOR"]
[EventCategory "22"]
[SourceTitle "CB24_2025"]
[SourceDate "2025.06.11"]
[SourceVersion "1"]
[SourceVersionDate "2025.06.11"]
[SourceQuality "1"]

1. e4 c5 2. Nf3 e6 3. c3 d5 4. exd5 Qxd5 5. d4 Nf6 6. Na3 Nc6 7. Be3 cxd4 8. Nb5 Qd7 9. Nbxd4 Be7 10. Bd3 Nd5 11. Qc2 Nxe3 12. fxe3 Qc7 13. Nxc6 bxc6 14. 0-0-0 Bd7 15. g4 Rb8 16. h4 h6 17. Rhf1 c5 18. Bc4 Rb6 19. Qf2 Rd6 20. Rde1 Rb6 21. Rd1 Rd6 22. Rde1 Rb6 23. Rd1 1/2-1/2

[Event "Titled Tuesday intern op 03rd Jan Late"]
[Site "Chess.com INT"]
[Date "2025.06.03"]
[Round "3"]
[White "Nakamura, Hikaru"]
[Black "Yanev, Tihomir"]
[Result "1-0"]
[WhiteElo "2804"]
[BlackElo "2354"]
[PlyCount "45"]
[EventDate "2025.06.03"]
[EventType "swiss (blitz)"]
[EventRounds "11"]
[EventCountry "USA"]
[SourceTitle "CB24_2025"]
[SourceDate "2025.06.11"]
[SourceVersion "1"]
[SourceVersionDate "2025.06.11"]
[SourceQuality "1"]

1. b3 Nf6 2. Bb2 e6 3. e3 c5 4. Nf3 b6 5. d4 Bb7 6. Bd3 Be7 7. Nbd2 0-0 8. dxc5 bxc5 9. e4 d5 10. e5 Nfd7 11. h4 h6 12. c4 Nc6 13. Qe2 Nb4 14. Bb1 Qb6 15. a3 Na6 16. Qd3 f5 17. exf6 Nxf6 18. Qg6 d4 19. Rh3 Bd6 20. g4 Rf7 21. g5 Nd7 22. gxh6 Nf8 23. h7+ 1-0

[Event "Titled Tuesday intern op 03rd Jan Late"]
[Site "Chess.com INT"]
[Date "2025.06.03"]
[Round "1"]
[White "Ristic, Nebojsa M"]
[Black "Nakamura, Hikaru"]
[Result "0-1"]
[WhiteElo "2248"]
[BlackElo "2804"]
[PlyCount "64"]
[EventDate "2025.06.03"]
[EventType "swiss (blitz)"]
[EventRounds "11"]
[EventCountry "USA"]
[SourceTitle "CB24_2025"]
[SourceDate "2025.06.11"]
[SourceVersion "1"]
[SourceVersionDate "2025.06.11"]
[SourceQuality "1"]

1. d4 g6 2. Bf4 Bg7 3. e4 d6 4. Nc3 Nd7 5. Nf3 c5 6. d5 a6 7. a4 Rb8 8. Qd2 Qa5 9. Ra3 Ngf6 10. e5 Nh5 11. exd6 Qb4 12. Qe3 e6 13. dxe6 0-0 14. Rb3 Qxf4 15. Qxf4 Nxf4 16. exd7 Bxd7 17. g3 Rfe8+ 18. Kd2 Bc6 19. gxf4 Bxf3 20. Rg1 Rbd8 21. Rb6 Bh6 22. Ne2 Re6 23. Rg3 Bxe2 24. Bxe2 Bxf4+ 25. Kd1 Bxg3 26. hxg3 Rexd6+ 27. Rxd6 Rxd6+ 28. Ke1 a5 29. Bf3 b6 30. Ke2 g5 31. Bg4 Rd4 32. b3 Rxg4 0-1

[Event "Norway Chess 13th"]
[Site "Stavanger"]
[Date "2025.06.02"]
[Round "7"]
[White "Carlsen, Magnus"]
[Black "Nakamura, Hikaru"]
[Result "1/2-1/2"]
[WhiteElo "2837"]
[BlackElo "2804"]
[PlyCount "41"]
[EventDate "2025.05.26"]
[EventType "tourn"]
[EventRounds "10"]
[EventCountry "NOR"]
[EventCategory "22"]
[SourceTitle "CB24_2025"]
[SourceDate "2025.06.11"]
[SourceVersion "1"]
[SourceVersionDate "2025.06.11"]
[SourceQuality "1"]

1. e4 e5 2. Nf3 Nc6 3. Nc3 Nf6 4. Bb5 Bb4 5. 0-0 0-0 6. Bxc6 dxc6 7. Nxe5 Re8 8. Nd3 Bxc3 9. dxc3 Nxe4 10. Re1 Nd6 11. Bf4 Rxe1+ 12. Qxe1 Bf5 13. Rd1 Qe8 14. f3 f6 15. Qxe8+ Rxe8 16. Kf2 g5 17. Bg3 Rd8 18. Ke2 Re8+ 19. Kf2 Rd8 20. Ke2 Re8+ 21. Kf2 1/2-1/2

[Event "Chess.com Classic Winners"]
[Site "Chess.com INT"]
[Date "2025.05.21"]
[Round "4.1"]
[White "Carlsen, Magnus"]
[Black "Nakamura, Hikaru"]
[Result "1/2-1/2"]
[WhiteElo "2837"]
[BlackElo "2804"]
[PlyCount "144"]
[EventDate "2025.05.20"]
[EventType "k.o. (blitz)"]
[EventRounds "5"]
[EventCountry "USA"]
[SourceTitle "CB21_2025"]
[SourceDate "2025.05.21"]
[SourceVersion "1"]
[SourceVersionDate "2025.05.21"]
[SourceQuality "1"]

1. d4 d5 2. c4 c5 3. cxd5 Nf6 4. e4 Nxe4 5. dxc5 Qa5+ 6. Bd2 Nxd2 7. Qxd2 Qxd2+ 8. Nxd2 g6 9. Ngf3 Bg7 10. 0-0-0 0-0 11. Bc4 Bg4 12. Rhe1 Nd7 13. h3 Bxf3 14. Nxf3 Nxc5 15. Rxe7 Bf6 16. Re2 Rac8 17. Rc2 Na4 18. b3 Nc3 19. Rd3 Ne4 20. d6 Rfd8 21. d7 Rc6 22. Nd2 Bg5 23. f4 Bxf4 24. Rd4 Bxd2+ 25. Kd1 Ba5 26. Rxe4 Rxd7+ 27. Ke2 Rcd6 28. a4 Kg7 29. Kf3 Rf6+ 30. Rf4 Rfd6 31. g4 a6 32. Re2 Bd2 33. Rfe4 Bg5 34. Kg2 Rd1 35. Rf2 Bh4 36. Rfe2 Rb1 37. Rf4 f6 38. Rf1 Rxf1 39. Kxf1 Kh6 40. Kg2 Kg5 41. Kf3 Rc7 42. Rd2 Kh6 43. Rd6 Re7 44. Re6 Rd7 45. Rb6 Bg5 46. Ke4 Re7+ 47. Re6 Rxe6+ 48. Bxe6 a5 49. Bg8 b6 50. Kf3 Bc1 51. h4 Kg7 52. Bc4 Ba3 53. h5 Bc5 54. hxg6 hxg6 55. Bd3 f5 56. gxf5 gxf5 57. Bxf5 Kf6 58. Ke4 Bb4 59. Bd7 Kg7 60. Bb5 Kf8 61. Kd5 Kg7 62. Kc6 Kf8 63. Kxb6 Kg7 64. Bc4 Kh8 65. Kb5 Kh7 66. Kb6 Kh6 67. Kb5 Kh5 68. Kb6 Kg5 69. Kb5 Kh4 70. Kb6 Kg5 71. Kb5 Kh4 72. Kb6 Kg5 1/2-1/2

[Event "Chess.com Classic Winners"]
[Site "Chess.com INT"]
[Date "2025.05.21"]
[Round "3.4"]
[White "Nepomniachtchi, Ian"]
[Black "Nakamura, Hikaru"]
[Result "1/2-1/2"]
[WhiteElo "2757"]
[BlackElo "2804"]
[PlyCount "250"]
[EventDate "2025.05.20"]
[EventType "k.o. (blitz)"]
[EventRounds "5"]
[EventCountry "USA"]
[SourceTitle "CB21_2025"]
[SourceDate "2025.05.21"]
[SourceVersion "1"]
[SourceVersionDate "2025.05.21"]
[SourceQuality "1"]

1. d4 d5 2. c4 c5 3. cxd5 Nf6 4. e4 Nxe4 5. dxc5 Qa5+ 6. Bd2 Nxd2 7. Qxd2 Qxd2+ 8. Nxd2 g6 9. Rc1 Nd7 10. Bb5 Bg7 11. c6 bxc6 12. dxc6 Nb6 13. b3 0-0 14. Ngf3 Nd5 15. Ne4 Bf5 16. Nfd2 Bh6 17. Rc5 Nc7 18. Bc4 a5 19. Ng3 Rfd8 20. Nf3 e6 21. Nxf5 gxf5 22. Be2 a4 23. 0-0 axb3 24. axb3 Ra2 25. Re1 Bf8 26. Rc4 Rb2 27. Bd1 Rd5 28. Kf1 Bc5 29. Rc2 Rxc2 30. Bxc2 Bb4 31. Rd1 Rc5 32. Rd8+ Kg7 33. Rd7 Nd5 34. Nd4 Kf6 35. g3 Bc3 36. Nf3 Rxc6 37. Bd3 h6 38. Rb7 Rb6 39. Rxb6 Nxb6 40. Ke2 Ke7 41. Bb5 Kd6 42. Nd2 Bb4 43. Be8 Ke7 44. Bc6 Kd6 45. Bf3 Ke7 46. Nf1 Nd7 47. Ne3 Nc5 48. Nc2 Bc3 49. b4 Na6 50. b5 Nc5 51. b6 Ba5 52. b7 Bc7 53. Na3 Kd7 54. Nc4 Ne4 55. Ke3 Nc5 56. Na5 Na6 57. Nc6 Kd6 58. Kd4 Bb6+ 59. Kc4 Bc7 60. Nd4 Bb6 61. Nc6 Bxf2 62. Kb5 Nc7+ 63. Ka5 Be1+ 64. Ka4 Na6 65. Kb5 Nc7+ 66. Kc4 Na6 67. b8Q+ Nxb8 68. Nxb8 e5 69. Bd5 h5 70. Bxf7 h4 71. gxh4 Bxh4 72. Bd5 e4 73. Nc6 Bf2 74. h3 Bh4 75. Nd4 Ke5 76. Ne2 f4 77. Nc3 f3 78. Bxe4 Kf4 79. Bd3 Kg3 80. Bf1 Kf2 81. Bd3 Kg3 82. Kd5 Kxh3 83. Nd1 Kg3 84. Ne3 Bg5 85. Nf1+ Kf2 86. Ke4 Kg2 87. Bc4 Bc1 88. Bb5 Bg5 89. Ba6 Bh6 90. Kf5 Bc1 91. Kg4 f2 92. Be2 Bh6 93. Ng3 Bf8 94. Bf1+ Kg1 95. Bh3 Bd6 96. Nf1 Bc7 97. Kf3 Bd6 98. Bg2 Bc7 99. Ne3 Bb6 100. Nf1 Ba7 101. Bh3 Bb6 102. Ke2 Ba7 103. Bf5 Kg2 104. Be4+ Kg1 105. Bf3 Bb6 106. Nd2 Ba7 107. Nf1 Bb6 108. Be4 Ba7 109. Bd3 Bb6 110. Kf3 Ba7 111. Be2 Bb6 112. Ng3 Ba7 113. Nf1 Bb8 114. Bd3 Ba7 115. Ke2 Bb6 116. Bc4 Ba7 117. Nd2 Bb6 118. Bd5 Ba7 119. Nf3+ Kg2 120. Nd2+ Kg1 121. Bc6 Bb6 122. Nf3+ Kg2 123. Nd2+ Kg1 124. Nf3+ Kg2 125. Nd2+ Kg1 1/2-1/2

[Event "Chess.com Classic Winners"]
[Site "Chess.com INT"]
[Date "2025.05.20"]
[Round "1.1"]
[White "Nakamura, Hikaru"]
[Black "Aronian, Levon"]
[Result "1/2-1/2"]
[WhiteElo "2804"]
[BlackElo "2747"]
[PlyCount "100"]
[EventDate "2025.05.20"]
[EventType "k.o. (blitz)"]
[EventRounds "5"]
[EventCountry "USA"]
[SourceTitle "CB21_2025"]
[SourceDate "2025.05.21"]
[SourceVersion "1"]
[SourceVersionDate "2025.05.21"]
[SourceQuality "1"]

1. d4 d5 2. c4 e6 3. Nf3 Nf6 4. e3 b6 5. Nc3 Bd6 6. cxd5 exd5 7. Bb5+ c6 8. Bd3 0-0 9. Qc2 Re8 10. 0-0 Ba6 11. Bxa6 Nxa6 12. Qa4 Qc8 13. Bd2 Qb7 14. Rac1 Rad8 15. Rfd1 h6 16. a3 Nc7 17. Ne2 c5 18. dxc5 bxc5 19. Qc2 d4 20. Ng3 Ne6 21. Nf5 Bf8 22. exd4 cxd4 23. b4 Rd5 24. Ng3 Bd6 25. Qc6 Qxc6 26. Rxc6 Bxg3 27. hxg3 Ne4 28. Be1 d3 29. Bd2 Nxd2 30. Rxd2 Nd4 31. Rc5 Nxf3+ 32. gxf3 Rxc5 33. bxc5 Rc8 34. Rxd3 Rxc5 35. Rd8+ Kh7 36. Rd7 Ra5 37. Rxf7 Rxa3 38. f4 a5 39. f5 Kg8 40. Ra7 a4 41. Kg2 h5 42. f3 Ra1 43. Kh3 Rh1+ 44. Kg2 Ra1 45. Kf2 Ra3 46. g4 hxg4 47. fxg4 g5 48. Ra6 Kf7 49. Rg6 Ra2+ 50. Kf3 a3 1/2-1/2

[Event "Titled Tuesday intern op 20th May Late"]
[Site "Chess.com INT"]
[Date "2025.05.20"]
[Round "7"]
[White "Nakamura, Hikaru"]
[Black "Bortnyk, Olexandr"]
[Result "1/2-1/2"]
[WhiteElo "2804"]
[BlackElo "2601"]
[PlyCount "65"]
[EventDate "2025.05.20"]
[EventType "swiss (blitz)"]
[EventRounds "11"]
[EventCountry "USA"]
[SourceTitle "CB22_2025"]
[SourceDate "2025.05.28"]
[SourceVersion "1"]
[SourceVersionDate "2025.05.28"]
[SourceQuality "1"]

1. d4 Nf6 2. c4 b6 3. Bf4 Bb7 4. e3 d6 5. Nf3 Nbd7 6. h3 e6 7. Nc3 Be7 8. Qc2 h6 9. Be2 a6 10. 0-0-0 b5 11. a3 bxc4 12. Bxc4 d5 13. Be2 c5 14. Kb1 cxd4 15. Rxd4 Rc8 16. Rc1 Ne4 17. Qb3 Ndc5 18. Qd1 Nxf2 19. Qf1 Nfe4 20. Nxe4 Nxe4 21. Bd3 Rxc1+ 22. Qxc1 Nc5 23. Bc2 0-0 24. e4 Qb6 25. Rb4 Qd8 26. exd5 Bxd5 27. Bxh6 Nd3 28. Rg4 Nxc1 29. Rxg7+ Kh8 30. Rh7+ Kg8 31. Rg7+ Kh8 32. Rh7+ Kg8 33. Rg7+ 1/2-1/2

[Event "Titled Tuesday intern op 06th May Early"]
[Site "Chess.com INT"]
[Date "2025.05.06"]
[Round "7"]
[White "Nakamura, Hikaru"]
[Black "Nepomniachtchi, Ian"]
[Result "1-0"]
[WhiteElo "2804"]
[BlackElo "2757"]
[PlyCount "71"]
[EventDate "2025.05.06"]
[EventType "swiss (blitz)"]
[EventRounds "11"]
[EventCountry "USA"]
[SourceTitle "CB20_2025"]
[SourceDate "2025.05.14"]
[SourceVersion "1"]
[SourceVersionDate "2025.05.14"]
[SourceQuality "1"]

1. b3 e5 2. Bb2 Nc6 3. c4 Nf6 4. e3 d5 5. cxd5 Nxd5 6. a3 Bd6 7. Qc2 0-0 8. Nf3 h6 9. Bd3 Be6 10. Nc3 Qe7 11. Bh7+ Kh8 12. Be4 Nxc3 13. Qxc3 a5 14. 0-0 Ra6 15. Bd3 Rb6 16. Bc4 f5 17. d3 Bxc4 18. bxc4 e4 19. Ne1 a4 20. d4 Rb3 21. Qc1 Qf7 22. d5 Ne5 23. c5 Nf3+ 24. Nxf3 exf3 25. cxd6 Qg6 26. g3 cxd6 27. Bd4 Re8 28. Rb1 Re4 29. Rxb3 axb3 30. Qc7 Qg4 31. Kh1 Kh7 32. Qxb7 f4 33. Qxb3 Qh3 34. Rg1 fxg3 35. Rxg3 Qf1+ 36. Rg1 1-0